000 00482nam a22001817a 4500
003 OSt
005 20180116183008.0
008 150812b xxu||||| |||| 00| 0 eng d
020 _a0750653640
040 _c0
082 _a519.5 BUG 2001
100 _aJohn Buglear
245 _aStats Means Business
_bA Guide to Business Statistics
_cJohn Buglear
260 _aIndia
_bButterworth Heinemann
_c2001
300 _a364 p.
_bPB
440 _aStats Means Business
942 _2ddc
_cBK
999 _c350134
_d350134